miasta w Polsce na literę D - Statystyki

Ogólne statystyki
  • Ten quiz został rozwiązany 34 razy
  • Średni wynik to 16 z 38
Statystyki odpowiedzi
województwo miasto % Poprawnych
dolnośląskie Dzierżoniów
81%
zachodniopomorskie Darłowo
73%
śląskie Dąbrowa Górnicza
69%
zachodniopomorskie Drawsko Pomorskie
69%
warmińsko-mazurskie Działdowo
69%
podkarpackie Dębica
62%
zachodniopomorskie Dziwnów
58%
małopolskie Dąbrowa Tarnowska
54%
lubelskie Dęblin
54%
zachodniopomorskie Dębno
54%
mazowieckie Dobre
54%
podkarpackie Dukla
54%
dolnośląskie Duszniki-Zdrój
50%
warmińsko-mazurskie Dobre Miasto
46%
podkarpackie Dynów
46%
zachodniopomorskie Dobra
42%
wielkopolskie Dobra
42%
łódzkie Drzewica
42%
łódzkie Działoszyn
42%
lubuskie Dobiegniew
38%
lubuskie Drezdenko
38%
pomorskie Dzierzgoń
38%
podlaskie Dąbrowa Białostocka
35%
świętokrzyskie Daleszyce
35%
podkarpackie Dubiecko
35%
wielkopolskie Dąbie
31%
opolskie Dobrodzień
31%
mazowieckie Drobin
31%
zachodniopomorskie Drawno
27%
świętokrzyskie Działoszyce
27%
łódzkie Dąbrowice
23%
pomorskie Debrzno
23%
kujawsko-pomorskie Dobrzyń nad Wisłą
23%
wielkopolskie Dolsk
23%
podlaskie Drohiczyn
23%
małopolskie Dobczyce
19%
zachodniopomorskie Dobrzany
19%
wielkopolskie Dobrzyca
19%
Nie znaleziono quizów pasujących do podanych kryteriów
Rozkład punktacji
Procent ludzi z każdym wynikiem
Percentyl według liczby udzielonych odpowiedzi
Twoja historia wyników
Nie rozwiązałeś tego quizu